Engineering Mechanics (Record no. 38024)

MARC details
000 -LEADER
fixed length control field 00319nam a22001457a 4500
082 ## - DEWEY DECIMAL CLASSIFICATION NUMBER
Classification number 620.3 RAJ
100 ## - MAIN ENTRY--AUTHOR NAME
Personal name Rajaneesh R Chandran
245 ## - TITLE STATEMENT
Title Engineering Mechanics
250 ## - EDITION STATEMENT
Edition statement 1
260 ## - PUBLICATION, DISTRIBUTION, ETC. (IMPRINT)
Name of publisher Owl Books
Place of publication Trivandrun
Year of publication 2025
546 ## - LANGUAGE NOTE
Language note English
650 ## - SUBJECT ADDED ENTRY--TOPICAL TERM
Topical Term ME
942 ## - ADDED ENTRY ELEMENTS (KOHA)
Koha item type Text Book
952 ## - LOCATION AND ITEM INFORMATION (KOHA)
Damaged status
Not for loan
952 ## - LOCATION AND ITEM INFORMATION (KOHA)
Damaged status
Not for loan
952 ## - LOCATION AND ITEM INFORMATION (KOHA)
Damaged status
Not for loan
952 ## - LOCATION AND ITEM INFORMATION (KOHA)
Damaged status
Not for loan
952 ## - LOCATION AND ITEM INFORMATION (KOHA)
Damaged status
Not for loan
952 ## - LOCATION AND ITEM INFORMATION (KOHA)
Damaged status
Not for loan
952 ## - LOCATION AND ITEM INFORMATION (KOHA)
Damaged status
Not for loan
952 ## - LOCATION AND ITEM INFORMATION (KOHA)
Damaged status
Not for loan
952 ## - LOCATION AND ITEM INFORMATION (KOHA)
Damaged status
Not for loan
952 ## - LOCATION AND ITEM INFORMATION (KOHA)
Damaged status
Not for loan
Holdings
Withdrawn status Collection code Permanent Location Current Location Shelving location Date acquired Source of acquisition Cost, normal purchase price Inventory number Full call number Accession Number Price effective from Koha item type
  Mechanical Engineering VAST Central Library VAST Central Library S-87/ME 14/11/2025 Minerva Books 400.00 85 620.3 RAJ 37954 19/11/2025 Text Book
  Mechanical Engineering VAST Central Library VAST Central Library S-87/ME 14/11/2025 Minerva Books 400.00 85 620.3 RAJ 37955 19/11/2025 Text Book
  Mechanical Engineering VAST Central Library VAST Central Library S-87/ME 14/11/2025 Minerva Books 400.00 85 620.3 RAJ 37956 19/11/2025 Text Book
  Mechanical Engineering VAST Central Library VAST Central Library S-87/ME 14/11/2025 Minerva Books 400.00 85 620.3 RAJ 37957 19/11/2025 Text Book
  Mechanical Engineering VAST Central Library VAST Central Library S-87/ME 14/11/2025 Minerva Books 400.00 85 620.3 RAJ 37958 19/11/2025 Text Book
  Mechanical Engineering VAST Central Library VAST Central Library S-87/ME 14/11/2025 Minerva Books 400.00 85 620.3 RAJ 37959 19/11/2025 Text Book
  Mechanical Engineering VAST Central Library VAST Central Library S-87/ME 14/11/2025 Minerva Books 400.00 85 620.3 RAJ 37960 19/11/2025 Text Book
  Mechanical Engineering VAST Central Library VAST Central Library S-87/ME 14/11/2025 Minerva Books 400.00 85 620.3 RAJ 37961 19/11/2025 Text Book
  Mechanical Engineering VAST Central Library VAST Central Library   14/11/2025 Minerva Books 400.00 85 620.3 RAJ 37962 19/11/2025 Text Book
  Mechanical Engineering VAST Central Library VAST Central Library   14/11/2025 Minerva Books 400.00 85 620.3 RAJ 37963 19/11/2025 Text Book